Mmmmm...a Clickable Simpsons Quiz Stats

 Plays Quiz Updated Dec 5, 2018

Support Sporcle.
Go Orange.
Score 0/20 Timer 03:00
10 Plays Today
% Correct
Mmmm... Forbidden Donut
90.6%
Mmmm... Unexplained Bacon
87.7%
Mmmm... Sixty-four Slices of American Cheese
84.6%
Mmmm... Gummi Beer
84.3%
Mmmm... The Land Of Chocolate
81.2%
Mmmm... Invisible Cola
80%
Mmmm... Crumbled-up Cookie Things
78.9%
Mmmm... Marge
77%
Mmmm... Pi
77%
Mmmm... Free Goo
76.1%
% Correct
Mmmm... Fattening
72.2%
Mmmm... Soggy Bread
60.3%
Mmmm... Purple
59.5%
Mmmm... Bad Eggs
56.7%
Mmmm... Fish
54.4%
Mmmm... Organized Crime
52.2%
Mmmm... Pistol Whip
50%
Mmmm... Convenient
49.2%
Mmmm... Moses
35.1%
Mmmm... Business Deal
31.8%

You're not logged in!

Compare scores with friends on all Sporcle quizzes.
OR
Log In
Forgot?

From the Vault

Real People in Musicals

by Mark_E

Live your life like Stephen Sondheim is writing a musical about you.
Remove Ads.
Support Sporcle.
Get the best of Sporcle when you Go Orange. This ad-free experience offers more features, more stats, and more fun while also helping to support Sporcle. Thank you for becoming a member.

Show Comments

Extras

Top Quizzes Today


Score Distribution

Your Account Isn't Verified!

In order to create a playlist on Sporcle, you need to verify the email address you used during registration. Go to your Sporcle Settings to finish the process.

Report this User

Report this user for behavior that violates our Community Guidelines.

Details: